Chronicles & dispatches
| Main Author: | |
|---|---|
| Format: | Book |
| Published: |
Philippnes :
New Day Publishers ,
1991
|
| Subjects: |
MARC
| LEADER | 00000cam a2200000 7i4500 | ||
|---|---|---|---|
| 001 | 0000003296 | ||
| 002 | 000003555 | ||
| 005 | 20000330.0 | ||
| 020 | |a 9711003910 | ||
| 090 | 0 | 0 | |a 080 |b SAL |
| 100 | 1 | |a Salanga, Alfrredo N | |
| 245 | 1 | 0 | |a Chronicles & dispatches |c Altrredo N.Slanga |
| 260 | |a Philippnes : |b New Day Publishers , |c 1991 | ||
| 300 | |a 187p. ; |c 22cm. | ||
| 650 | 0 | 0 | |a World history |
| 651 | 0 | |a Phillipines |x Intellectual life | |
| 999 | |a 033952 |b BUKU |c PINJAMAN |e PERPUSTAKAAN KOMUNITI PETALING JAYA | ||